| Tag |
First Indicator |
Second Indicator |
Subfields |
| LEADER |
00000cam a2200000 4500 |
| 001 |
in00001148639 |
| 005 |
20151001070724.0 |
| 008 |
770609s1909 nyuf 000 0 eng |
| 010 |
|
|
|a 38001594
|
| 035 |
|
|
|a (OCoLC)03027511
|
| 035 |
|
|
|9 AGE1292AM
|
| 040 |
|
|
|a DLC
|c AZS
|d UtOrBLW
|
| 043 |
|
|
|a n-us---
|
| 049 |
|
|
|a TXAM
|
| 050 |
0 |
0 |
|a UC483
|b .A3
|
| 082 |
0 |
0 |
|a 355.140973
|
| 110 |
1 |
|
|a U.S. Quartermaster's dept.
|
| 245 |
1 |
0 |
|a Uniform of the army of the United States. :
|b (Illustrated). From [1774 to 1889] 1898 to 1907 /
|c Authorized by the secretary of war and prepared and published by the quartermaster general.
|
| 264 |
|
1 |
|a [New York city] :
|b [American lithographic co.],
|c [1890-1909]
|
| 300 |
|
|
|a 2 volumes :
|b plates (part color) ;
|c 43 cm.
|
| 336 |
|
|
|a text
|b txt
|2 rdacontent
|
| 337 |
|
|
|a unmediated
|b n
|2 rdamedia
|
| 338 |
|
|
|a volume
|b nc
|2 rdacarrier
|
| 500 |
|
|
|a Volume I has no imprint.
|
| 500 |
|
|
|a Volume II issued in portfolio.
|
| 500 |
|
|
|a Volume I by Lieut. Colonel M. I. Ludington, Quartermaster's department, U.S. Army.
|
| 500 |
|
|
|a "No changes in uniform between 1889 and 1898." cf. Checklist of United States public documents, 1789-1909.
|
| 500 |
|
|
|a Title varies slightly.
|
| 610 |
1 |
0 |
|a United States.
|b Army
|x Uniforms.
|
| 700 |
1 |
|
|a Ludington, M. I.
|q (Marshall I.)
|
| 999 |
|
|
|a MARS
|
| 999 |
f |
f |
|s 82247ea1-2d42-3b98-a28f-96ccb69778b6
|i 6a85ca67-a875-3b14-9f58-7f0b7d21f97f
|t 0
|
| 952 |
f |
f |
|p noncirc
|a Texas A&M University
|b College Station
|c Cushing Memorial Library & Archives
|d Cushing: Ragan Military (Does not check out)
|t 0
|e UC483 .U54 1890
|h Library of Congress classification
|i unmediated -- volume
|
| 998 |
f |
f |
|a UC483 .U54 1890
|s v.1-2
|t 0
|l Cushing: Ragan Military (Does not check out)
|